LEADER 01071nam a2200229 i 4500 001 000000000612 003 CaOOAMICUS 005 20220308171934.0 008 180830s1959 xx u000 u und u 040 $aSeMil$bita 245 00$aCommedie del Cinquecento /$ca cura di Aldo Borlenghi. 264 1$aMilano :$bRizzoli,$c1959. 300 $a2 v. ;$c20 cm. 500 $aI classici Rizzoli 650 4$aCommedia italiana - Sec. 16. - Antologie.$0(OLS)http://semarc/subject/108 700 1 $aBorlenghi, Aldo,$d<1913-1976>.$0(OLS)http://semarc/name/456 774 0 $tCalandria. Gli ingannati. L'amor costante. Aridosia. La Trinuzia. La sporta. La strega. La pinzochera. L'assiuolo.$g1$w()75754 774 0 $tFurto. Gli straccioni. L'erofilomachia. La sorella. La venexiana. La pastorale. Moscheta. Fiorina. Il saltuzza.$g2$w()75756 830 2$aI classici Rizzoli.$0(OLS)http://semarc/title/7352 996 $6245$aCommedie del Cinquecento$9(OLS)http://semarc/title/865 996 $6264$aMilano :$bRizzoli$9(OLS)http://semarc/publisher/29824 LEADER 01241nam a2200253 i 4500 001 000000189161 003 CaOOAMICUS 005 20100504000000.0 008 100504s1951 it u000 u ita u 013 $a167416 040 $aSeMil$bita 100 1 $aMartini, Giuseppe <1908->.$0(OLS)http://semarc/name/69261 245 10$aCattolicesimo e storicismo :$bmomenti d'una crisi del pensiero religioso moderno /$cGiuseppe Martini. 260 $aNapoli :$bEdizioni Scientifiche Italiane,$c1951. 300 $aXXIX, 357 p. ;$c22 cm. 490 0 $aBiblioteca storica. Nuova serie 650 4$aChiesa cattolica - Storia - Sec. 19.-20.$0(OLS)http://semarc/subject/34735 650 4$aStoricismo e cattolicesimo.$0(OLS)http://semarc/subject/35625 650 4$aCattolicesimo e cultura - Sec. 19.-20.$0(OLS)http://semarc/subject/35626 830 0$aBiblioteca storica. Nuova serie.$0(OLS)http://semarc/title/6610 850 $aSeMil 852 $aSeMil$W1$xVenegono$y1$m2X IV 233$j139793$B139793$CSeMilBibl$Z2$F151398 $81 996 $6245$aCattolicesimo e storicismo :$bmomenti d'una crisi del pensiero religioso moderno$9(OLS)http://semarc/title/272354 996 $6260$aNapoli :$bEdizioni Scientifiche Italiane$9(OLS)http://semarc/publisher/30654